000 00325 a2200157 4500
001 59830
020 _a9788853003409
040 _cAnchieta - Pituba
100 _aMartini, Maddalena
240 1 0 _aGeneration E
_lpor
245 1 0 _aGeneration E
300 _a55
362 0 _a2005
650 4 _aLíngua alemã
942 _cBK
999 _c59830
_d59830